Biggest Cities Starting with P by Country - Statistics

General Stats
  • This quiz has been taken 165 times
    152 since last reset
  • The average score is 35 of 150
Answers on the Map
Answers color-coded by a green-red scale on the quiz's map according to % correct below.
 
Answer Stats
Country City Population % Correct
France Paris 2,175,601
96%
Portugal Porto 237,591
95%
Australia Perth 2,045,479
94%
United States Phoenix 1,680,992
93%
North Korea Pyongyang 2,581,076
90%
Italy Palermo 647,422
89%
South Africa Pretoria 1,763,336
87%
Czech Republic Prague 1,324,777
85%
Panama Panama City 430,299
84%
Haiti Port-au-Prince 875,978
83%
Spain Palma 422,587
82%
Cambodia Phnom Penh 1,242,992
79%
Jamaica Portmore 182,153
79%
Papua New Guinea Port Moresby 364,125
77%
Brazil Porto Alegre 1,488,250
77%
Kosovo Pristina 145,149
77%
Dominica Portsmouth 4,167
76%
United Kingdom Portsmouth 248,929
76%
Ivory Coast Para 17,594
75%
Montenegro Podgorica 150,977
75%
Cape Verde Praia 127,832
74%
India Pune 5,057,709
74%
Suriname Paramaribo 240,924
67%
Mauritius Port Louis 146,737
67%
Trinidad and Tobago Port of Spain 37,074
67%
Benin Porto-Novo 264,320
67%
Mexico Puebla 1,542,232
65%
Russia Perm 1,055,397
63%
Bulgaria Plovdiv 347,851
63%
Nigeria Port Harcourt 703,421
63%
Germany Potsdam 180,334
63%
Egypt Port Said 760,152
59%
Poland Poznań 534,813
59%
Sudan Port Sudan 394,561
57%
Pakistan Peshawar 1,970,042
56%
Indonesia Palembang 1,440,678
55%
Vanuatu Port Vila 51,437
49%
Greece Patras 195,265
44%
Republic of the Congo Pointe-Noire 715,334
40%
F. S. Micronesia Palikir 6,647
33%
Hungary Pécs 142,873
30%
Chad Pala 49,461
29%
Nepal Pokhara 264,991
27%
New Zealand Palmerston North 81,500
25%
Ukraine Poltava 286,649
25%
Croatia Pula 57,460
25%
China Putian 1,107,199
23%
Cyprus Paphos 32,892
21%
Peru Piura 522,400
20%
Gabon Port-Gentil 136,462
20%
Bolivia Potosí 176,022
20%
Mozambique Pemba 200,529
17%
Canada Peterborough 82,094
17%
Philippines Puerto Princesa 191,738
17%
Estonia Pärnu 39,605
16%
Colombia Pereira 399,300
15%
Romania Ploiești 209,945
15%
Finland Pori 83,479
15%
Chile Puerto Montt 171,136
14%
Kazakhstan Pavlodar 343,942
13%
Belarus Pinsk 126,300
13%
Saint Vincent Port Elizabeth 829
13%
Slovakia Prešov 88,464
13%
Israel Petah Tikva 247,956
10%
Argentina Posadas 361,400
10%
Laos Pakse 68,093
9%
Lithuania Panevėžys 84,587
9%
Cuba Pinar del Río 145,632
7%
Costa Rica Puntarenas 87,500
7%
Uruguay Paysandú 76,412
6%
Tonga Pea 2,028
6%
Sweden Piteå 23,417
6%
Ecuador Portoviejo 206,682
6%
Georgia Poti 41,498
6%
Guatemala Puerto Barrios 100,593
6%
Afghanistan Puli Khumri 123,700
6%
Taiwan Pingtung 197,647
5%
Dominican Republic Puerto Plata 118,496
5%
South Korea Pyeongtaek 537,135
5%
Malaysia Petaling Jaya 432,619
4%
Albania Pogradec 20,848
4%
Bosnia and Herzegovina Prijedor 27,970
4%
North Macedonia Prilep 64,290
4%
Netherlands Purmerend 81,755
4%
Bangladesh Pabna 144,442
3%
Botswana Palapye 37,256
3%
Serbia Pančevo 76,203
3%
Luxembourg Pétange 19,574
3%
Guinea Pita 21,839
3%
Norway Porsgrunn 36,397
3%
Slovenia Ptuj 17,959
3%
Honduras Puerto Cortés 69,000
3%
Fiji Pacific Harbour 1,963
2%
Thailand Pak Kret 190,272
2%
East Timor Pante Macassar 12,421
2%
Malta Paola 9,073
2%
Andorra Pas de la Casa 1,943
2%
Myanmar Pathein 169,773
2%
Paraguay Pedro Juan Caballero 95,000
2%
Belgium Pelt 33,076
2%
Venezuela Petare 441,700
2%
Vietnam Phan Thiet 194,197
2%
Liechtenstein Planken 473
2%
Turkey Polatli 104,138
2%
Nicaragua Puerto Cabezas 77,871
2%
Belize Punta Gorda 6,530
2%
Denmark Padborg 4,389
1%
Iran Pakdasht 236,619
1%
Central African Republic Paoua 17,370
1%
Guyana Paradise 16,332
1%
Ireland Passage West 5,234
1%
Iceland Patreksfjörður 696
1%
Seychelles Perseverance 4,625
1%
Moldova Pervomaisc 3,553
1%
Malawi Phalombe 6,242
1%
Bhutan Phuntsholing 27,658
1%
Eswatini Piggs Peak 4,581
1%
Liberia Pleebo 23,464
1%
Angola Porto Amboim 91,605
1%
Senegal Pout 23,728
1%
Burkina Faso Pouytenga 99,950
1%
Ghana Prestea 21,844
1%
D. R. Congo Pweto 22,121
1%
Togo Pagouda 4,907
0%
Gambia Pakalinding 2,114
0%
Uganda Pallisa 42,300
0%
Saint Kitts and Nevis Palmetto Point 1,692
0%
Brunei Panaga 3,946
0%
El Salvador Panchimalco 16,164
0%
Tajikistan Panjakent 43,300
0%
Sao Tome and Principe Pantufo 3,391
0%
Uzbekistan Parkent 46,900
0%
Mali Pelengana 32,795
0%
Austria Perchtoldsdorf 14,996
0%
Zambia Petauke 29,728
0%
Lesotho Phuthiatsana 25,660
0%
Guinea-Bissau Piche 4,989
0%
Bahamas Pirates Well 201
0%
Cameroon Pitoa 21,546
0%
Zimbabwe Plumtree 11,626
0%
Kyrgyzstan Pokrovka 7,419
0%
Comoros Pomoni-Nindri 1,825
0%
Tanzania Pongwe 7,680
0%
Sierra Leone Port Loko 33,541
0%
Antigua and Barbuda Potters Village 2,066
0%
Saint Lucia Praslin 1,906
0%
Latvia Preiļi 6,248
0%
Samoa Puipaa 1,065
0%
Switzerland Pully 18,458
0%
Sri Lanka Puttalam 45,511
0%
No matching quizzes found
Score Distribution
Percent of People with Each Score
Percentile by Number Answered
Your Score History
You have not taken this quiz since the last reset